| 000 | 00369nam a2200145 a 4500 | ||
|---|---|---|---|
| 001 | 1745 | ||
| 003 | CDMR | ||
| 005 | 20130116135214.0 | ||
| 008 | 130130s2004||||||||||||||||||||||||||||d | ||
| 040 |
_aCDMR _bcat _cCDMR |
||
| 100 | 1 |
_aDieuzaide, Jean _91307 |
|
| 245 | 1 | 0 | _aJean Dieuzaide pour la liberté de la presse |
| 260 |
_c2004 _bReporters Sans Frontières |
||
| 942 | _cMON | ||
| 999 |
_c1745 _d1745 |
||